[Event "Bad Soden U14 op"]
[Site "Bad Soden"]
[Date "2019.10.04"]
[Round "3"]
[White "Barthel, Jacob"]
[Black "Chen, Marvin"]
[Result "1-0"]
[WhiteElo "1160"]
[BlackElo "914"]
[PlyCount "119"]
[EventDate "2019.10.03"]
[EventType "swiss"]
[EventRounds "9"]
[EventCountry "GER"]
[SourceTitle "CBM 192 Extra"]
[Source "Chessbase"]
[SourceDate "2019.11.06"]
[SourceVersion "1"]
[SourceVersionDate "2019.11.06"]
[SourceQuality "1"]

1. d4 d5 2. Nf3 Bg4 3. Nbd2 Nf6 4. h3 Bh5 5. g4 Bg6 6. e3 h5 7. g5 Ne4 8. Ne5 Qd6 9. Nxg6 Qxg6 10. Bd3 f5 11. h4 Nc6 12. Nxe4 fxe4 13. Be2 0-0-0 14. Bd2 e5 15. c3 Bd6 16. Bb5 Ne7 17. Qa4 a6 18. Be2 Rhf8 19. b4 c6 20. Qa5 Qf5 21. Rf1 Qh3 22. a4 Qxh4 23. b5 Kd7 24. bxa6 Ra8 25. Qb6 Bc7 26. Qb4 bxa6 27. Bc1 Rfb8 28. Qa3 Bd6 29. Qa2 Qxg5 30. Rh1 g6 31. Kf1 Rb7 32. Rg1 Qf6 33. Ke1 Rab8 34. Bxa6 Rb3 35. Qc2 Nf5 36. a5 Qe7 37. Rxg6 Ba3 38. Be2 Bxc1 39. Rxc1 Qa3 40. Bxh5 Ne7 41. Bg4+ Ke8 42. Rh6 R8b7 43. dxe5 Rb2 44. Qd1 Qa2 45. Be6 Kd8 46. Rh8+ Kc7 47. Re8 Rb1 48. Rxe7+ Kb8 49. Re8+ Ka7 50. Qd4+ Ka6 51. Ra8+ Kb5 52. c4+ Ka4 53. Qd1+ Ka3 54. Kf1 Rxc1 55. Qxc1+ Kb3 56. cxd5 Ka4 57. Qxc6+ Rb5 58. Rb8 Qb1+ 59. Kg2 Kxa5 60. Rxb5+ 1-0

[Event "GER-ch U10"]
[Site "Willingen"]
[Date "2019.06.12"]
[Round "6"]
[White "Barthel, Jacob"]
[Black "Birkenheier, Nicolas"]
[Result "0-1"]
[WhiteElo "1150"]
[BlackElo "1160"]
[PlyCount "136"]
[EventDate "2019.06.08"]
[EventType "swiss"]
[EventRounds "11"]
[EventCountry "GER"]
[SourceTitle "CBM 191 Extra"]
[Source "ChessBase"]
[SourceDate "2019.09.30"]
[SourceVersion "1"]
[SourceVersionDate "2019.09.30"]
[SourceQuality "1"]

1. d4 d5 2. Nf3 Nf6 3. Bf4 c5 4. c3 Nc6 5. e3 cxd4 6. cxd4 Qb6 7. b3 Bf5 8. Be2 e6 9. 0-0 Be7 10. Nbd2 Rc8 11. Ne5 Nxe5 12. dxe5 Ne4 13. Nxe4 Bxe4 14. Bd3 Bxd3 15. Qxd3 0-0 16. Rac1 Qb4 17. Rc2 Rxc2 18. Qxc2 Qc5 19. Rc1 Rc8 20. Qxc5 Rxc5 21. Rxc5 Bxc5 22. Kf1 Kf8 23. Ke2 Ke7 24. Kd3 Kd7 25. e4 Bxf2 26. exd5 exd5 27. Be3 Bxe3 28. Kxe3 Ke6 29. Kf4 d4 30. Ke4 d3 31. Kxd3 Kxe5 32. Ke3 f5 33. g3 g5 34. h3 h5 35. a3 a6 36. b4 f4+ 37. gxf4+ gxf4+ 38. Kf3 Kf5 39. a4 b6 40. a5 b5 41. h4 Ke5 42. Kf2 Ke4 43. Ke2 f3+ 44. Kf2 Kf4 45. Kf1 Kg3 46. Kg1 f2+ 47. Kf1 Kxh4 48. Kg2 f1Q+ 49. Kxf1 Kg3 50. Kg1 h4 51. Kh1 h3 52. Kg1 h2+ 53. Kh1 Kf3 54. Kxh2 Ke4 55. Kg1 Kd4 56. Kf2 Kc4 57. Ke2 Kxb4 58. Kd1 Kxa5 59. Kc2 Kb4 60. Kb2 a5 61. Ka2 Kc3 62. Ka3 b4+ 63. Ka2 a4 64. Kb1 Kb3 65. Ka1 Kc2 66. Ka2 b3+ 67. Ka1 b2+ 68. Ka2 b1Q+ 0-1

[Event "GER-ch U10"]
[Site "Willingen"]
[Date "2019.06.09"]
[Round "2"]
[White "Jahnz, Laurin"]
[Black "Barthel, Jacob"]
[Result "1-0"]
[WhiteElo "1497"]
[BlackElo "1150"]
[PlyCount "85"]
[EventDate "2019.06.08"]
[EventType "swiss"]
[EventRounds "11"]
[EventCountry "GER"]
[SourceTitle "CBM 191 Extra"]
[Source "ChessBase"]
[SourceDate "2019.09.30"]
[SourceVersion "1"]
[SourceVersionDate "2019.09.30"]
[SourceQuality "1"]

1. e4 e5 2. Nf3 Nc6 3. Bc4 Bc5 4. c3 Nf6 5. d3 d6 6. Nbd2 Be6 7. Bxe6 fxe6 8. Qb3 Qd7 9. Nc4 Rb8 10. 0-0 b5 11. Ne3 0-0 12. Qc2 d5 13. exd5 exd5 14. Nxe5 Nxe5 15. d4 Nf3+ 16. gxf3 Bd6 17. Qf5 Qe7 18. Nxd5 Nxd5 19. Qxd5+ Kh8 20. Qe4 Rbe8 21. Qxe7 Rxe7 22. Bg5 Ref7 23. Bh4 Rxf3 24. Bg3 Bxg3 25. fxg3 Rxf1+ 26. Rxf1 Re8 27. Rf7 h6 28. Kf1 Kg8 29. Rxc7 Rf8+ 30. Kg2 Re8 31. Kf2 Rf8+ 32. Ke2 Re8+ 33. Kd3 Rf8 34. d5 Rf2 35. d6 Kf8 36. Rc8+ Kf7 37. d7 b4 38. d8Q bxc3 39. Qf8+ Kg6 40. Qxf2 a5 41. Rc6+ Kh7 42. Qf5+ g6 43. Qxg6+ 1-0